Harmonizácia noriem Súlad s Európskou úniou je nanajvýš dôležitý

Inštitucionalizácia nových technických činností a štátnej správy v oblasti technickej normalizácie, metrológie a skúšobníctva v súvislosti s prechodom na trhové hospodárstvo. Postup harmonizácie noriem s Európskou úniou. Význam medzinárodných noriem - certifikáty o tovare, ochrana spotrebiteľa.

Gespeichert in:
Bibliographische Detailangaben
1. Verfasser: Drahovský, Ľubomír
Weitere Verfasser: Chudý, V.
Format: Buchkapitel
Sprache:Slowakisch
Schlagworte:
Tags: Tag hinzufügen
Keine Tags, Fügen Sie das erste Tag hinzu!

MARC

LEADER 00000naa a2200000 4500
001 r024593
005 20221213114103.6
041 0 |a slo 
044 |a SK 
245 1 0 |a Harmonizácia noriem  |b Súlad s Európskou úniou je nanajvýš dôležitý  |c Ľ. Drahovský, V. Chudý 
520 |a Inštitucionalizácia nových technických činností a štátnej správy v oblasti technickej normalizácie, metrológie a skúšobníctva v súvislosti s prechodom na trhové hospodárstvo. Postup harmonizácie noriem s Európskou úniou. Význam medzinárodných noriem - certifikáty o tovare, ochrana spotrebiteľa. 
610 2 0 |a normy 
610 2 0 |a normy technické 
610 2 0 |a normy podnikové 
610 2 0 |a ČSN 
610 2 0 |a normy medzinárodné 
610 2 0 |a Európska únia 
610 2 0 |a normalizácia 
610 2 0 |a certifikácia 
610 2 0 |a Slovensko 
100 1 |a Drahovský, Ľubomír 
700 1 |a Chudý, V.